NBA General Knowledge Quiz #1 - Statistics

General Stats
  • This quiz has been taken 44 times
  • The average score is 7 of 15
Answer Stats
Hint Answer % Correct
Who was the youngest player in NBA history to score 10,000 career points? Lebron James
78%
Who won the 1982 NBA Championship? Philadelphia 76ers
64%
Which player was Finals MVP despite coming off the bench for the series? Andre Iguodala
56%
Who won the 1999 NBA MVP? Karl Malone
56%
Which franchise has the longest playoff drought in NBA history? Sacramento Kings
56%
Who is the only player in NBA history to win MVP, Coach of the Year, and Executive of the Year? Larry Bird
50%
Who was the lowest draft pick ever to win NBA MVP? Nikola Jokic
50%
How many threes did Stephen Curry make in his record breaking 2015-2016 unanimous MVP season? 402
44%
Who holds the record for most technical fouls in a single season? Rasheed Wallace
44%
Which NBA player's nickname was famously "Big Shot Bob"? Robert Horry
42%
Which franchise has won three championships in three different cities? Golden State Warriors
39%
Who was the last rookie to lead the NBA in scoring? David Robinson
22%
Who was the last player to average 30+ points per game before the 3-point line was introduced in 1979–80? George Gervin
19%
Who is the only player to win MVP and Rookie of the Year in the same season? Wes Unseld
19%
Who were the three teams that the Los Angeles Lakers beat in their three peat from 2000-2002? Pacers, 76ers, Nets
17%
No matching quizzes found
Score Distribution
Percent of People with Each Score
Percentile by Number Answered
Your Score History
You have not taken this quiz